000 00668cam a2200193 i 4500
005 20251210112944.0
008 250721s2011 jo gr 000 0 ara d
082 1 4 _a216.25
_bق ض ا
100 1 2 _aالقضاة، أحمد
_eمؤلف.
245 1 0 _aأراء العلماء في رمي الجمرات /
_bواثرها في التيسير على الحجاج .
_cد,احمد مصطفى القضاة.
250 _aالطبعه الاولى .
264 3 1 _aعمان :
_bالمؤلف،
_c2011.
300 _a94صفحه .
650 1 7 _aالعبادة.
650 1 7 _aالحج.
650 1 7 _aرمي الجمار.
942 _2ddc
_cBK
999 _c139992
_d139992